000 00472nam a2200193Ia 4500
005 20250603144944.0
008 250603s9999 xx 000 0 und d
020 _a97810321257306
050 _aHJ 141 .B36/
100 _aBandy, Gary.
245 0 _aFinancial management and accounting in the public sector
250 _a3rd ed.
260 _aNew York
260 _bRoutledge
260 _c2023
300 _axxi, 391p.: ill.
650 _aNew York
942 _cBK
999 _c40450
_d40450